|
|
แสดงรายละเอียดบรรณานุกรม |
|
|
Brief Record
: Get Marc (ISO 2709)
: E-mail record
: |
| LEADER 00000nama 2200000uu 4500 | |||
| 008 040531s2535 th m m a000 0 tha d | |||
| 020 974-887-447-8 | |||
| 041 tha | |||
| 050 WS100 ค125ป 2535 | |||
| 100 คณะแพทย์โรงพยาบาลเด็ก | |||
| 245 ปัญหาโรคเด็กที่พบบ่อย/โดยคณะแพทย์โรงพยาบาลเด็ก,บรรณาธิการ สุจิตรา นิมมานนิตย์,ประมวญ สุนากร 001 | |||
| 250 7 | |||
| 260 กรุงเทพฯ โรงพยาบาลเด็ก 2535 | |||
| 300 488 หน้า | |||
| 650 กุมารเวชศาสตร์ เด็ก-โรคสุจิตรา นิมมานนิตย์,บรรณาธิการประมวญ สุนากร,บรรณาธิการ | |||
| 998 1998-11-17 | |||
| คุณยังไม่ได้ล็อกอิน คุณสามารถมีกิจกรรมร่วมกับเว็บไซต์ได้ แต่ต้องล็อกอินก่อน :: |
|
| สถานะ | |||||||||
| 1. | หนังสือทั่วไป | WS100 ค125ป 2535 | On Shelf ขอยืม | ||||||
| 2. | หนังสือทั่วไป | WS100 ค125ป 2535 | On Shelf ขอยืม | ||||||
| [แสดง 2/2 รายการ] | |||||||||
BibComment |
| คอมเมนท์ทรัพยากรรายการนี้ |
|
|